Movies Quiz

Random Movies or Clickable Quiz

Reasons to Make Way for Prince Ali Quiz Stats

 Plays Quiz Updated Dec 27, 2017

Score 0/20 Timer 04:00
8 Plays Today
% Correct
He's as strong as 10 regular men
88.2%
He faced 100 bad guys with swords
88%
He has 75 golden camels
86.7%
He has 60 elephants
81.9%
He's generous (so generous!)
81.6%
He faced galloping hordes
78.3%
He has 95 white Persian monkeys
77.4%
He has 53 purple peacocks
77.1%
He has a world class menagerie
74.6%
He's fabulous
69%
% Correct
He's glamorous
64.3%
He's mighty
62%
He has servants
61.8%
He has birds that warble on key
60.7%
He sent some goons to their lords
58.9%
He has a knee-weakening physique
54.1%
He's amorous
50.3%
He has a brass band
47%
He has flunkies
38.9%
He has slaves
33.2%

You're not logged in!

Compare scores with friends on all Sporcle quizzes.
OR
Log In

You Might Also Like...

Show Comments

Extras

Top Quizzes Today


Score Distribution

Your Account Isn't Verified!

In order to create a playlist on Sporcle, you need to verify the email address you used during registration. Go to your Sporcle Settings to finish the process.

Report this User

Report this user for behavior that violates our Community Guidelines.

Details: